| 000 | 01261nam a2200337Ia 4500 | ||
|---|---|---|---|
| 001 | Z_6435 | ||
| 003 | CHAP | ||
| 005 | 20231114172006.0 | ||
| 008 | 220113s2010 mx ad fsm 001 0 spa d | ||
| 010 | _a169692 | ||
| 040 |
_cCHAP _aZ |
||
| 090 | _aTesis A48 2260 | ||
| 100 | 1 |
_aAltunar Pablo, Jesús Elías _94722 |
|
| 245 | 1 | 0 |
_aEvaluación de la ruta crítica en la cadena productiva de pollo para engorda en GRUPESA - Chiapas / _h[En línea] _cJesús Elías Altunar Pablo |
| 260 |
_aMéxico : _bEl autor, _c2010 |
||
| 300 |
_avi, 56 hojas : _c _bdiagramas, gráficas, tablas |
||
| 502 |
_aTesis _b(Ingeniero Agrónomo Especialista en Zootecnia) -- _cUACh. Departamento de Zootecnia, _d2010 |
||
| 504 | _aBibliografía: h. 39 - 41 | ||
| 650 |
_aCadena productiva _9144179 |
||
| 650 |
_aConversión alimenticia _9144285 |
||
| 650 |
_aPollo de engorda _9143271 |
||
| 700 | 1 |
_a Muñoz Rodríguez, Manrrubio, asesor _9144775 _4asesor |
|
| 700 | 1 |
_a Romero Márquez, Constantino, asesor _9144227 _4asesor |
|
| 700 | 1 |
_aGonzález Alcorta, Mariano Jesús, director _9144549 _4director |
|
| 856 | 4 | 2 |
_uhttp://10.13.5.2/tesis/111275.pdf _yDescargar PDF |
| 901 | _aTESIS A48 2260 | ||
| 902 | _aM | ||
| 910 | _a2010 | ||
| 942 |
_c2 _2ddc |
||
| 942 |
_c2 _2ddc |
||
| 999 |
_c169692 _d169692 |
||